中国声母r开头的城市(城市点位地图版) - Statistics

General Stats
  • This quiz has been taken 10 times
  • The average score is 9 of 12
Answers on the Map
Answers color-coded by a green-red scale on the quiz's map according to % correct below.
 
Answer Stats
省级行政区 城市 % Correct
山东省 日照市
100%
西藏自治区 日喀则市
100%
山东省 荣成市
88%
云南省 瑞丽市
88%
浙江省 瑞安市
75%
江西省 瑞金市
75%
山东省 乳山市
75%
河南省 汝州市
75%
贵州省 仁怀市
75%
江苏省 如皋市
63%
河北省 任丘市
50%
江西省 瑞昌市
50%
No matching quizzes found
Score Distribution
Percent of People with Each Score
Percentile by Number Answered
Your Score History
You have not taken this quiz